000
00208 a2200109 4500
020
_a
9788415098454
041
_a
spa
100
_a
Maria Garcia
245
_a
El despertar del sol
942
_c
BK
952
_7
1
999
_c
24493
_d
24493